Williams' Essentials of Nutrition and Diet Therapy / (Record no. 16339)
[ view plain ]
| 000 -LEADER | |
|---|---|
| fixed length control field | 01207nam a22002537a 4500 |
| 008 - FIXED-LENGTH DATA ELEMENTS--GENERAL INFORMATION | |
| fixed length control field | 111221s2011 xxu|||||r|||| 001 0deng d |
| 020 ## - INTERNATIONAL STANDARD BOOK NUMBER | |
| International Standard Book Number | 032306860X |
| 020 ## - INTERNATIONAL STANDARD BOOK NUMBER | |
| International Standard Book Number | 9780323068604 |
| 082 ## - DEWEY DECIMAL CLASSIFICATION NUMBER | |
| Edition number | 22 |
| Classification number | 613.2 |
| Item number | SCH |
| 100 ## - MAIN ENTRY--PERSONAL NAME | |
| 9 (RLIN) | 28214 |
| Personal name | Schlenker, Eleanor, D. |
| 245 ## - TITLE STATEMENT | |
| Title | Williams' Essentials of Nutrition and Diet Therapy / |
| Statement of responsibility, etc | Eleanor D. Schlenker and Sara Long Roth |
| 246 ## - VARYING FORM OF TITLE | |
| Title proper/short title | Essentials of Nutrition and Diet Therapy |
| 250 ## - EDITION STATEMENT | |
| Edition statement | 10th ed. |
| 260 ## - PUBLICATION, DISTRIBUTION, ETC. (IMPRINT) | |
| Place of publication, distribution, etc | St. Louis, Missouri : |
| Name of publisher, distributor, etc | ELSEVIER, |
| Date of publication, distribution, etc | 2011 |
| 300 ## - PHYSICAL DESCRIPTION | |
| Extent | xx, 634 p. : |
| Other physical details | Col. ill. ; |
| Dimensions | 22 cm. |
| 504 ## - BIBLIOGRAPHY, ETC. NOTE | |
| Bibliography, etc | Includes bibliographical references and index |
| 650 ## - SUBJECT ADDED ENTRY--TOPICAL TERM | |
| 9 (RLIN) | 20992 |
| Topical term or geographic name as entry element | Diet therapy. |
| 653 ## - INDEX TERM--UNCONTROLLED | |
| Resource For college | |
| Arrived date list | December2011 |
| 700 ## - ADDED ENTRY--PERSONAL NAME | |
| 9 (RLIN) | 28213 |
| Personal name | Roth, Sara Long |
| 856 ## - ELECTRONIC LOCATION AND ACCESS | |
| Materials specified | Student Resources |
| Uniform Resource Identifier | <a href="http://evolve.elsevier.com/williams/essentials/">http://evolve.elsevier.com/williams/essentials/</a> |
| 942 ## - ADDED ENTRY ELEMENTS (KOHA) | |
| Source of classification or shelving scheme | Dewey Decimal Classification |
| Item type | |
| Withdrawn status | Item status | Source of classification or shelving scheme | Damaged status | Not for loan | Vendor | Home library | Current library | Shelving location | Date acquired | Source of acquisition | Cost, normal purchase price | Serial Enumeration / chronology | Total Checkouts | Total Renewals | Full call number | Barcode | Date last seen | Date last borrowed | Koha item type |
|---|---|---|---|---|---|---|---|---|---|---|---|---|---|---|---|---|---|---|---|
| Dewey Decimal Classification | Osiris | Central Library | Central Library | First floor | 21/12/2011 | 545.00 | 11602 | 21 | 56 | 613.2 SCH | 000025865 | 15/07/2025 | 17/04/2019 | Book - Borrowing | |||||
| Dewey Decimal Classification | Osiris | Central Library | Central Library | First floor | 21/12/2011 | 545.00 | 11602 | 17 | 613.2 SCH | 000025866 | 15/07/2025 | 11/03/2014 | NB - Book (Non borrowing) |